000 00283nam a2200121Ia 4500
008 220204s9999 xx 000 0 und d
082 _a339.138
_bHES
100 _aHeskett, James L
245 0 _aMarketing
260 _aNew York
_bMacmillan
_c1976
650 _aMarketing
942 _cBK
999 _c24893
_d24893